Online
Catalog

Vaudou, sorciers, empoisonneurs : (Record no. 2580)

MARC details
000 -CABECERA
campo de control de longitud fija 00847cam a2200253 a 4500
001 - NÚMERO DE CONTROL
campo de control 000002746
005 - FECHA Y HORA DE LA ÚLTIMA TRANSACCIÓN
campo de control 20200929150241.0
008 - DATOS DE LONGITUD FIJA--INFORMACIÓN GENERAL
campo de control de longitud fija 880412s1987 fr b 000 0 fre
020 ## - NÚMERO INTERNACIONAL ESTÁNDAR DEL LIBRO
Número Internacional Estándar del Libro 2865371859
040 ## - FUENTE DE LA CATALOGACIÓN
Centro catalogador/agencia de origen DO-SdBNP
Lengua de catalogación spa
Centro/agencia transcriptor BNPHU
082 ## - NÚMERO DE LA CLASIFICACIÓN DECIMAL DEWEY
Número de clasificación 299.675
Número de documento/Ítem P733v
100 1# - ENTRADA PRINCIPAL--NOMBRE DE PERSONA
Nombre de persona Pluchon, Pierre.
9 (RLIN) 8648
245 10 - MENCIÓN DE TÍTULO
Título Vaudou, sorciers, empoisonneurs :
Resto del título de Saint-Domingue a Haiti /
Mención de responsabilidad, etc. Pierre Pluchon.
260 ## - PUBLICACIÓN, DISTRIBUCIÓN, ETC.
Lugar de publicación, distribución, etc. Paris :
Nombre del editor, distribuidor, etc. Karthala,
Fecha de publicación, distribución, etc. 1987.
300 ## - DESCRIPCIÓN FÍSICA
Extensión 320 p. ;
Dimensiones 22 cm.
504 ## - NOTA DE BIBLIOGRAFÍA, ETC.
Nota de bibliografía, etc. Bibliografía: p. 319-320
504 ## - NOTA DE BIBLIOGRAFÍA, ETC.
Nota de bibliografía, etc. Incluye referencias bibliográficas y notas al pie de las páginas
590 ## - NOTA LOCAL (RLIN)
Nota local Inventariado, 2018/VM
650 #4 - PUNTO DE ACCESO ADICIONAL DE MATERIA--TÉRMINO DE MATERIA
Término de materia o nombre geográfico como elemento de entrada Vudú
Subdivisión geográfica Hispaniola
9 (RLIN) 8649
650 #0 - PUNTO DE ACCESO ADICIONAL DE MATERIA--TÉRMINO DE MATERIA
Término de materia o nombre geográfico como elemento de entrada Brujería
Subdivisión geográfica Hispaniola
9 (RLIN) 8650
650 #0 - PUNTO DE ACCESO ADICIONAL DE MATERIA--TÉRMINO DE MATERIA
Término de materia o nombre geográfico como elemento de entrada Envenenamiento
Subdivisión geográfica Hispaniola
9 (RLIN) 8651
650 #4 - PUNTO DE ACCESO ADICIONAL DE MATERIA--TÉRMINO DE MATERIA
Término de materia o nombre geográfico como elemento de entrada Magia
Subdivisión geográfica Hispaniola
9 (RLIN) 8652
910 ## - DATOS DE OPCIÓN DEL USUARIO (OCLC)
Datos de opción del usuario Validado. Control de calidad MFF
Holdings
Estado de retiro Estado de pérdida Restricciones de uso No para préstamo Código de colección Localización permanente Ubicación/localización actual Ubicación en estantería Fecha de adquisición Número de inventario Total de préstamos Signatura topográfica completa Código de barras Fecha visto por última vez Número de copia Precio válido a partir de Tipo de ítem Koha
        Monografías: Libros y Folletos General General Depósito 29.09.2011 LF1   299.675 P733v 2746-30 25.06.2020 e. 3 25.06.2020 Préstamo en sala
      Excluido de préstamo Monografías: Libros y Folletos Patrimonio Dominicano Patrimonio Dominicano Depósito 03.07.2009 LF1   299.675 P733v 2746-10 25.06.2020   25.06.2020 No se presta
      Excluido de préstamo Monografías: Libros y Folletos Patrimonio Dominicano Patrimonio Dominicano Depósito 27.05.2010 LF1   299.675 P733v 2746-20 25.06.2020 e. 2 25.06.2020 No se presta

Powered by Koha